000 00757nam a22002177a 4500
005 20100821113821.0
010 _aENG-101185
020 _a9788188769469
_c180.00
035 _aEN-84718
037 _bDBAD/PUB
082 _a414
100 _aClercq, Eva de
_916766
245 _aThe apabhramsa of Svayambhudeva's paumacariu /
_cby Eva De Clercq
260 _aMumbai
_bHindi Granth Karyalay
_c2010
270 _a9 Hirabaug, C.P. Tank
_bMumbai
_e400004
300 _a108p.
_c22cm (pbk)
490 _aPandit Nathuram premi research series Volume 17
_916767
500 _aIncludes index
942 _2ddc
_cEN
_h414
_mCLE
999 _c42830
_d42830